<?xml version="1.0" encoding="UTF-8"?>
<record
    xmlns:xsi="http://www.w3.org/2001/XMLSchema-instance"
    xsi:schemaLocation="http://www.loc.gov/MARC21/slim http://www.loc.gov/standards/marcxml/schema/MARC21slim.xsd"
    xmlns="http://www.loc.gov/MARC21/slim">

  <leader>01114nam a2200253Ia 4500</leader>
  <controlfield tag="003">OSt</controlfield>
  <controlfield tag="005">20200814163818.0</controlfield>
  <controlfield tag="008">191128s1994    ck     gr     000 0 spa d</controlfield>
  <datafield tag="020" ind1=" " ind2=" ">
    <subfield code="a">8482724193</subfield>
  </datafield>
  <datafield tag="040" ind1=" " ind2=" ">
    <subfield code="a">CO-JMCR</subfield>
    <subfield code="c">CO-JMCR</subfield>
  </datafield>
  <datafield tag="041" ind1="0" ind2=" ">
    <subfield code="a">spa</subfield>
  </datafield>
  <datafield tag="082" ind1="0" ind2="4">
    <subfield code="a">345 /</subfield>
    <subfield code="b">B388d</subfield>
    <subfield code="2">23</subfield>
  </datafield>
  <datafield tag="100" ind1="1" ind2=" ">
    <subfield code="a">Beccaria, Cesare, </subfield>
    <subfield code="e">autor</subfield>
    <subfield code="9">5849</subfield>
  </datafield>
  <datafield tag="245" ind1="1" ind2="0">
    <subfield code="a">De los delitos y de las penas / </subfield>
    <subfield code="c">Cesarea Beccaria</subfield>
  </datafield>
  <datafield tag="250" ind1=" " ind2=" ">
    <subfield code="a">Tercera edici&#xF3;n</subfield>
  </datafield>
  <datafield tag="260" ind1=" " ind2=" ">
    <subfield code="a">Bogot&#xE1; : </subfield>
    <subfield code="b">Temis, </subfield>
    <subfield code="c">1994</subfield>
  </datafield>
  <datafield tag="300" ind1=" " ind2=" ">
    <subfield code="a">102 p&#xE1;ginas ; </subfield>
    <subfield code="e">20 cm.</subfield>
  </datafield>
  <datafield tag="505" ind1="0" ind2=" ">
    <subfield code="a">Origen de las penas y derecho a castigar -- Consecuencias -- Interpretaci&#xF3;n de las leyes -- Oscuridad de las leyes -- De la captura -- Indicios y formas de juicios -- De los testigos -- Acusaciones secretas -- Preguntas caprichosas</subfield>
  </datafield>
  <datafield tag="520" ind1="3" ind2=" ">
    <subfield code="a">Abramos las historias, y veremos que las leyes, que son, o deber&#xED;an ser, pactos de hombres libres, no han sido por lo com&#xFA;n m&#xE1;s que el instrumento de las pasiones de unos pocos o nacieron de una fortuita y pasajera necesidad.</subfield>
  </datafield>
  <datafield tag="650" ind1="1" ind2="4">
    <subfield code="a">Da&#xF1;os y perjuicio </subfield>
    <subfield code="9">8807</subfield>
  </datafield>
  <datafield tag="650" ind1="2" ind2="4">
    <subfield code="a">Delitos  </subfield>
    <subfield code="9">8808</subfield>
  </datafield>
  <datafield tag="650" ind1="2" ind2="4">
    <subfield code="a">Penas</subfield>
    <subfield code="9">8525</subfield>
  </datafield>
  <datafield tag="942" ind1=" " ind2=" ">
    <subfield code="2">ddc</subfield>
    <subfield code="c">BK</subfield>
  </datafield>
  <datafield tag="999" ind1=" " ind2=" ">
    <subfield code="c">3680</subfield>
    <subfield code="d">3680</subfield>
  </datafield>
  <datafield tag="952" ind1=" " ind2=" ">
    <subfield code="0">0</subfield>
    <subfield code="1">0</subfield>
    <subfield code="2">ddc</subfield>
    <subfield code="4">0</subfield>
    <subfield code="7">0</subfield>
    <subfield code="8">NFIC</subfield>
    <subfield code="a">CPL</subfield>
    <subfield code="b">CPL</subfield>
    <subfield code="d">2018-04-10</subfield>
    <subfield code="e">Donaci&#xF3;n</subfield>
    <subfield code="o">345 / B388d </subfield>
    <subfield code="p">201807578</subfield>
    <subfield code="r">2024-05-16 00:00:00</subfield>
    <subfield code="t">Ej.1</subfield>
    <subfield code="y">BK</subfield>
  </datafield>
</record>
